| 000 | 01042nam0a2200301 4500 | ||
|---|---|---|---|
| 001 | RU\NLR\bibl\1203638 | ||
| 005 | 20250615102554.0 | ||
| 010 |
_a978-5-17-034257-0 _bАСТ |
||
| 010 |
_a978-5-9713-1289-5 _bАСТ МОСКВА |
||
| 010 |
_a978-5-9762-3181-8 _bХранитель _910000 |
||
| 021 |
_aRU _b2008-3029 _9160 |
||
| 035 | _a(NLR Aleph) 001190124 | ||
| 090 |
_a1712031 _c1712031 |
||
| 100 | _a20080320d2008 |||y0rusy50 ca | ||
| 101 | 1 |
_arus _ceng |
|
| 102 | _aRU | ||
| 105 | _ay z ||||| | ||
| 200 | 1 |
_aУцелевший _eроман _fЧак Паланик _g[пер. с англ. Т.Ю. Покидаевой] |
|
| 210 |
_aМосква _cАСТ [и др.] _d2008 |
||
| 215 |
_a315, [2] с. _d17 |
||
| 225 | 1 | _aАльтернатива | |
| 309 | _aПагинация в кн. в обратном порядке | ||
| 700 | 1 |
_4070 _7ca _8rus _aПаланик _bЧ. _f1962- _gЧак _9217774 _3RU\NLR\AUTH\770217830 |
|
| 801 | 0 |
_aRU _bNLR _c20080320 _gRCR |
|
| 801 | 1 |
_aRU _bNLR _c20080320 |
|
| 942 | _cBOOK | ||
| 980 | _aNB | ||